Sol de noche /

Guardado en:
Formato: Deslizar
Materias:
Etiquetas: Agregar Etiqueta
Sin Etiquetas, Sea el primero en etiquetar este registro!
LEADER 00965ngm a22002655g 4500
001 CEM.cems022721
008 130507b2005##################0###0#####d
005 20241114172248.0
245 0 0 |a Sol de noche / 
300 |a 81'. 
500 |a En soporte VHS, consultar en ventanilla. 
505 0 |a Documental de Eduardo Aliverti sobre la vida de Luis Aredes, médico del Ingenio Ledesma en Jujuy. Militante político e Intendente de Ledesma. Desaparecido durante la dictadura militar. 
538 |a Soporte: VHS - Norma: Pal N - Color: Si - Grabación DRD 2005 - Hitachi=0000 
082 9 8 |/ DES-2 
653 |a HISTORIA ARGENTINA 
653 |a JUJUY 
653 |a DICTADURA 
653 |a DESAPARECIDOS 
653 |a LEDESMA 
653 |a HISTORIA ARGENTINA CONTEMPORANEA 
653 |a EDUARDO ALIVERTI 
653 |a NIVEL PRIMARIO 
653 |a NIVEL SECUNDARIO 
653 |a DOCUMENTAL 
859 |a CEMS  |b BIB. CEMS - Depto. Recursos Didacticos  |h 982  |i DES-2  |k DRD  |p 1364.12  |t Ej.1